Get one thing straight (Record no. 72035)
[ view plain ]
| 000 -LEADER | |
|---|---|
| fixed length control field | 01138cam a2200229 4500 |
| 001 - CONTROL NUMBER | |
| control field | ABS66311 |
| 008 - FIXED-LENGTH DATA ELEMENTS--GENERAL INFORMATION | |
| fixed length control field | 030203n2003 000 0 eng u |
| 035 ## - SYSTEM CONTROL NUMBER | |
| System control number | (Sirsi) u121216 |
| 100 ## - MAIN ENTRY--PERSONAL NAME | |
| Personal name | Hemsley, A. |
| 245 ## - TITLE STATEMENT | |
| Title | Get one thing straight |
| 260 ## - PUBLICATION, DISTRIBUTION, ETC. | |
| Date of publication, distribution, etc. | 2003 |
| 490 ## - SERIES STATEMENT | |
| Series statement | Building |
| Volume/sequential designation | 268(8267) 24 January 2003, 50(1) |
| 520 ## - SUMMARY, ETC. | |
| Summary, etc. | Considers the payment provisions of the JCT WDC 1998 with Contractors Design. Argues the payment provisions are simple enough until the provisions of the Housing Grants, Construction and Regeneration Act 1996 are considered as they leave a clumsy procedure in their wake. Mentions some points to consider for clarity on this subject including defining how much detail is required from contractors in their applications for payments and the importance of not ignoring a claim that is not being agreed with. |
| 590 ## - LOCAL NOTE (RLIN) | |
| Local note | ABS |
| 650 ## - SUBJECT ADDED ENTRY--TOPICAL TERM | |
| Topical term or geographic name entry element | JCT STANDARD FORM OF BUILDING CONTRACT (1998 EDITION) |
| 650 ## - SUBJECT ADDED ENTRY--TOPICAL TERM | |
| Topical term or geographic name entry element | CONTRACTORS DESIGN |
| 650 ## - SUBJECT ADDED ENTRY--TOPICAL TERM | |
| Topical term or geographic name entry element | DESIGN AND BUILD CONTRACT |
| 650 ## - SUBJECT ADDED ENTRY--TOPICAL TERM | |
| Topical term or geographic name entry element | PAYMENT PROVISIONS |
| 650 ## - SUBJECT ADDED ENTRY--TOPICAL TERM | |
| Topical term or geographic name entry element | PAYMENT RISKS |
| 690 ## - LOCAL SUBJECT ADDED ENTRY--TOPICAL TERM (OCLC, RLIN) | |
| Topical term or geographic name as entry element | BUILT ENVIRONMENT-BUILDING CONTRACT FORMS |
| 942 ## - ADDED ENTRY ELEMENTS (KOHA) | |
| Suppress in OPAC | 0 |
| Withdrawn status | Lost status | Source of classification or shelving scheme | Damaged status | Not for loan | Home library | Current library | Shelving location | Date acquired | Total Checkouts | Full call number | Barcode | Date last seen | Copy number | Price effective from | Koha item type |
|---|---|---|---|---|---|---|---|---|---|---|---|---|---|---|---|
| Dewey Decimal Classification | London | London | Journal article | 03/02/2003 | ABS66311 | 121216-1001 | 06/08/2019 | 1 | 06/08/2019 | Journal article |